| 000 | 01054nam a2200301 a 4500 | ||
|---|---|---|---|
| 001 | BRL_1467 | ||
| 005 | 20190320211224.0 | ||
| 008 | 220114s1955----mx-ao#####---#000-0#spa-# | ||
| 041 | _aspa | ||
| 044 | _amx | ||
| 050 | 4 |
_aF1219 _b.V35 1955 |
|
| 100 | 1 |
_aVaillant, George Clapp _d1901-1945 _925338 |
|
| 245 | 1 | 0 |
_aLa civilización Azteca _cGeorge C. Vaillant ; versión española de Samuel Vasconcelos. |
| 250 | _a2a. ed. | ||
| 260 |
_aMéxico _bFondo de Cultura Económica _c1955 |
||
| 300 |
_a316 p. _bil, fotografías (blanco y negro), láminas _c24 cm. |
||
| 440 | 0 |
_aSección de obras de antropología _927015 |
|
| 500 | _aAu1815 | ||
| 500 | _aIncluye índice analítico, láminas, figuras y de los cuadros sinópticos | ||
| 500 | _aEstado físico: Camisa con roturas. | ||
| 500 | _aTraducción de: Aztecs of Mexico | ||
| 504 | _aBibliografía: p. 275-295 | ||
| 650 | 1 | 4 |
_aAztecas _xCivilización _927016 |
| 651 | 4 |
_aMéxico _xHistoria _yHasta 1519 _99704 |
|
| 700 | 1 |
_aVasconcelos, Samuel _etr. _927017 |
|
| 902 | _aGRL | ||
| 942 |
_2lcc _cB |
||
| 999 |
_c10277 _d10277 |
||